| 000 | 01491nam a22002417a 4500 | ||
|---|---|---|---|
| 005 | 20220427165601.0 | ||
| 008 | 220427b ||||| |||| 00| 0 eng d | ||
| 020 | _a8175050195 | ||
| 040 | _cAloy | ||
| 082 |
_223 _a294.564 _bVIVT |
||
| 100 |
_aVivekananda _932467 |
||
| 245 | _aTo the youth of India | ||
| 260 |
_aCalcutta _bAdvaita Ashrama _c1999 |
||
| 300 |
_aviii,164p. _bPB _c17x12cm |
||
| 365 | _2Religion | ||
| 520 | _aArise Awake and Stop not til the goal is reached" Vivekananda left a body of philosophical works (see Vivekananda's complete works). His books (compiled from lectures given around the world) on the four Yogas (Raja Yoga, Karma Yoga, Bhakti Yoga and Jnana Yoga) are very influential and still seen as fundamental texts for anyone interested in the Hindu practice of Yoga. His letters are of great literary and spiritual value. He was also considered a very good singer and a poet.By the time of his death, He had composed many songs including his favorite Kali the Mother. He used humor for his teachings and was also an excellent cook. His language is very free flowing. His own Bengali writings stand testimony to the fact that he believed that words - spoken or written - should be for making things easier to understand rather than show off the speaker or writer's knowledge. | ||
| 650 |
_aReligion _932460 |
||
| 650 |
_aPhilosophy _932461 |
||
| 650 |
_aHinduism _932462 |
||
| 650 |
_aVedanta _932463 |
||
| 700 |
_aVIVEKANANDA _932464 |
||
| 942 |
_2ddc _cGF |
||
| 999 |
_c222683 _d222683 |
||